| 000 | 01125cam a2200217 4500 | ||
|---|---|---|---|
| 999 |
_c120389 _d120389 |
||
| 001 | WS124798 | ||
| 008 | 040109n2019 000 0 eng u | ||
| 035 | _a(Sirsi) u124798 | ||
| 110 |
_aWorld Bank _93112 |
||
| 245 | _aWorld Bank Group | ||
| 520 | _aWith more than 189 member countries with offices based in 130 global locations the World Bank Group is a partnership of 5 institutions working for sustainable solutions to reduce poverty and build share prosperity in developing countries. These being International Bank for Reconstruction and Development, International Development Association, International Finance Corporation, Multilateral Investment Guarantee Agency and International Centre for Settlement of Investment Disputes. Contains statistical data and research across a wide range of sustainable themes. | ||
| 650 | _aClimate change | ||
| 650 | _aEnergy efficiency | ||
| 650 | _aWellbeing | ||
| 650 | _aDevelopment | ||
| 650 | _aEconomic indicators | ||
| 650 | _aValuetheplanet | ||
| 690 | _aINTERNATIONAL | ||
| 856 | 4 | 0 |
_uhttps://www.worldbank.org _zView the website worldbank.org |
| 942 |
_n0 _2ddc |
||